00818nam a2200229 a 450000100100000000500170001000800410002702000180006804000130008608200200009910000360011924500340015526000390018930000200022859000270024858600520027550000670032765000280039465000310042295201180045399900170057100004775520240412074306.0090701s2014 dr 000 0 spa d a9789945475890 aDO-SdBNP aRD861.44bR763a1 aRomero, Argénidad1980-9710210aArraiga /cArgénida Romero. aSanto Domingo :bFerilibro,c2014. a58 p. ;c23 cm. aInventariado, 2018/ YL aPremio Joven de Poesía Feria del Libro, 2013. aIncluye datos biografícos de la autora en la contracubierta. 0aPoesía dominicana966 0aLiteratura dominicana.967 0010718PDaPDbPDcCTd2018-07-31iLF1l0oRD861.44 R763ap47755-10r2020-06-25w2020-06-25yLFPDZNo se presta c47243d47243